000 00797cam a2200241 a 4500
001 4924894
005 20240206033417.0
008 950421s1995 nyua b s001 0 eng
020 _a1857283287 ( HB)
020 _a1857283295 (pbk.)
040 _aDLC
_cDLC
_dDLC
082 0 0 _a306
_220
245 0 0 _aTheorizing culture :
_ban interdisciplinary critique after postmodernism /
_cedited by Barbara Adam, Stuart Allan.
260 _aNew York :
_bNew York University Press,
_c1995.
300 _axvii, 269 p. :
650 0 _aCulture.
650 0 _aPostmodernism
700 1 _aAdam, Barbara,
_eedt
700 1 _aAllan, Stuart,
_eedt
856 4 2 _uhttp://www.loc.gov/catdir/enhancements/fy0808/95018792-b.html
856 4 2 _uhttp://www.loc.gov/catdir/enhancements/fy0808/95018792-d.html
942 _cL
999 _c300
_d300